[Event "Titled Tuesday intern op 16th May Early"]
[Site "Chess.com INT"]
[Date "2023.05.16"]
[Round "5"]
[White "Benaddi, Mouhcine"]
[Black "Li, Hui"]
[Result "0-1"]
[WhiteElo "2115"]
[BlackElo "1963"]
[PlyCount "82"]
[EventDate "2023.05.16"]
[EventType "swiss (blitz)"]
[EventRounds "11"]
[EventCountry "USA"]
[SourceTitle "CBM 214 Extra"]
[Source "ChessBase"]
[SourceDate "2023.07.31"]
[SourceVersion "1"]
[SourceVersionDate "2023.07.31"]
[SourceQuality "1"]

1. Nf3 d5 2. g3 Bg4 3. Bg2 Nd7 4. d4 c6 5. 0-0 Ngf6 6. h3 Bh5 7. c4 e6 8. cxd5 exd5 9. Qb3 Qb6 10. Qe3+ Be7 11. Nh4 Bg6 12. Nc3 Qd8 13. b4 a6 14. a4 0-0 15. Nxg6 hxg6 16. Rb1 Re8 17. Qd3 Bd6 18. Bg5 Qe7 19. b5 axb5 20. axb5 Qe6 21. h4 Ra3 22. bxc6 bxc6 23. Rb7 Rb8 24. Rxb8+ Nxb8 25. Bc1 Ra8 26. e4 dxe4 27. Nxe4 Nxe4 28. Bxe4 Ra1 29. Bg2 Nd7 30. Qc3 Ra6 31. Re1 Qa2 32. d5 cxd5 33. Qc8+ Nf8 34. Bxd5 Ra8 35. Qxa8 Qb1 36. Bd2 Qb2 37. Bg5 Qd4 38. Re8 Kh7 39. Rxf8 Bxf8 40. Qxf8 Qxd5 41. Qa8 Qxa8 0-1

[Event "Titled Tuesday intern op 25th Apr Early"]
[Site "Chess.com INT"]
[Date "2023.04.25"]
[Round "4"]
[White "Benaddi, Mouhcine"]
[Black "Carrasco Miranda, Andres"]
[Result "1-0"]
[WhiteElo "2115"]
[BlackElo "2281"]
[PlyCount "35"]
[EventDate "2023.04.25"]
[EventType "swiss (blitz)"]
[EventRounds "11"]
[EventCountry "USA"]
[SourceTitle "EXT 2024"]
[Source "ChessBase"]
[SourceDate "2023.10.10"]
[SourceVersion "1"]
[SourceVersionDate "2023.10.10"]
[SourceQuality "1"]

1. Nf3 Nf6 2. g3 g6 3. Bg2 Bg7 4. 0-0 0-0 5. d4 d6 6. c4 Nc6 7. Nc3 Bf5 8. Nh4 Bd7 9. b3 e5 10. d5 Ne7 11. e4 c5 12. dxc6 Bxc6 13. Ba3 Ne8 14. Qd2 f5 15. exf5 Bxg2 16. Kxg2 Nxf5 17. Nxf5 g5 18. Nxg7 1-0

[Event "Titled Tuesday intern op 25th Apr Early"]
[Site "Chess.com INT"]
[Date "2023.04.25"]
[Round "2"]
[White "Benaddi, Mouhcine"]
[Black "Postlmayer, Jakob"]
[Result "0-1"]
[WhiteElo "2115"]
[BlackElo "2341"]
[PlyCount "52"]
[EventDate "2023.04.25"]
[EventType "swiss (blitz)"]
[EventRounds "11"]
[EventCountry "USA"]
[SourceTitle "EXT 2024"]
[Source "ChessBase"]
[SourceDate "2023.10.10"]
[SourceVersion "1"]
[SourceVersionDate "2023.10.10"]
[SourceQuality "1"]

1. Nf3 Nf6 2. g3 g6 3. Bg2 Bg7 4. 0-0 c5 5. c4 0-0 6. Nc3 Nc6 7. d3 d6 8. Rb1 e5 9. a3 a5 10. Ne1 Be6 11. Nc2 d5 12. cxd5 Nxd5 13. Ne3 Nde7 14. Ne4 b6 15. Ng5 Bd7 16. Qb3 a4 17. Qc4 h6 18. Ne4 Be6 19. Qc2 Nd4 20. Qd1 Rb8 21. Nc3 Bb3 22. Qd2 Qd7 23. Nc4 Qe6 24. e3 Ndc6 25. Qe2 Rfd8 26. Nd2 Bc2 0-1

[Event "Titled Tuesday intern op 25th Apr Early"]
[Site "Chess.com INT"]
[Date "2023.04.25"]
[Round "5"]
[White "Kopczynski, Michal"]
[Black "Benaddi, Mouhcine"]
[Result "1-0"]
[WhiteElo "2225"]
[BlackElo "2115"]
[PlyCount "61"]
[EventDate "2023.04.25"]
[EventType "swiss (blitz)"]
[EventRounds "11"]
[EventCountry "USA"]
[SourceTitle "EXT 2024"]
[Source "ChessBase"]
[SourceDate "2023.10.10"]
[SourceVersion "1"]
[SourceVersionDate "2023.10.10"]
[SourceQuality "1"]

1. e4 c6 2. d4 d5 3. e5 Bf5 4. g4 Be4 5. f3 Bg6 6. h4 h5 7. Bd3 Bxd3 8. Qxd3 e6 9. g5 Ne7 10. Ne2 Nf5 11. Nd2 c5 12. dxc5 Qc7 13. f4 Bxc5 14. Nb3 Bb6 15. Bd2 a5 16. 0-0-0 Nc6 17. Qb5 a4 18. Nc5 g6 19. Nxa4 Ra6 20. Bb4 Ba5 21. Ba3 Qd7 22. Nc5 Rb6 23. Qxb6 Bxb6 24. Nxd7 Kxd7 25. Rd3 Rc8 26. Kb1 Bf2 27. c4 d4 28. Bc5 Ke8 29. Rh2 Be3 30. b4 b6 31. b5 1-0

[Event "Chefchaouen op"]
[Site "Chefchaouen"]
[Date "2022.10.24"]
[Round "3"]
[White "Akhrof, Lissandine"]
[Black "Benaddi, Mouhcine"]
[Result "0-1"]
[WhiteElo "2158"]
[BlackElo "2111"]
[PlyCount "82"]
[EventDate "2022.10.23"]
[EventType "swiss"]
[EventRounds "7"]
[EventCountry "MAR"]
[SourceTitle "EXT 2024"]
[Source "ChessBase"]
[SourceDate "2023.10.10"]
[SourceVersion "1"]
[SourceVersionDate "2023.10.10"]
[SourceQuality "1"]

1. d4 Nf6 2. Nf3 e6 3. g3 b6 4. Bg2 Bb7 5. 0-0 c5 6. c4 cxd4 7. Nxd4 Bxg2 8. Kxg2 Qc7 9. b3 d5 10. cxd5 Nxd5 11. Na3 Be7 12. e4 Nf6 13. Qf3 Qb7 14. Re1 Nbd7 15. Nc4 0-0 16. Bb2 Bb4 17. Red1 b5 18. a3 bxc4 19. axb4 Ne5 20. Qe2 Nxe4 21. f3 Nd3 22. fxe4 Nxb2 23. Qxb2 Qxe4+ 24. Kg1 Rac8 25. b5 cxb3 26. Qxb3 Rc5 27. Nc6 h5 28. Ra4 Qe2 29. Qd3 Qb2 30. Rxa7 Rc2 31. Qf3 Qxb5 32. Ne7+ Kh8 33. Ng6+ Kg8 34. Ne7+ Kh8 35. Rad7 Qc5+ 36. Kh1 Rf2 37. Qe4 Re8 38. Nc6 f5 39. Qa4 Qe3 40. R7d3 Qe2 41. Qh4 Rf1+ 0-1

[Event "Titled Tuesday intern op 30th Aug Early"]
[Site "Chess.com INT"]
[Date "2022.08.30"]
[Round "5"]
[White "Benaddi, Mouhcine"]
[Black "Prydun, Andriy"]
[Result "1-0"]
[WhiteElo "2111"]
[BlackElo "2129"]
[PlyCount "77"]
[EventDate "2022.08.30"]
[EventType "swiss (blitz)"]
[EventRounds "11"]
[EventCountry "USA"]
[SourceTitle "EXT 2023"]
[Source "ChessBase"]
[SourceDate "2022.10.05"]
[SourceVersion "1"]
[SourceVersionDate "2022.10.05"]
[SourceQuality "1"]

1. Nf3 d5 2. g3 Nf6 3. Bg2 Bg4 4. c4 c6 5. cxd5 cxd5 6. Qb3 Qb6 7. Qxb6 axb6 8. Nd4 Nc6 9. Nb5 Kd7 10. h3 Bf5 11. N1c3 e6 12. d3 Bc5 13. g4 Bg6 14. a3 Nd4 15. Nxd4 Bxd4 16. Nb5 Bc5 17. Bg5 h6 18. Bxf6 gxf6 19. 0-0 h5 20. d4 hxg4 21. dxc5 gxh3 22. Bf3 bxc5 23. Kh2 Kc6 24. Nc3 f5 25. e3 b5 26. Rfc1 Kb6 27. Ne2 Rad8 28. Nf4 d4 29. b4 c4 30. a4 dxe3 31. fxe3 Rd2+ 32. Kh1 bxa4 33. Rxc4 Kb5 34. Rac1 e5 35. Bc6+ Kb6 36. Nd5+ Ka7 37. b5 a3 38. Ra4+ Kb8 39. Ra8# 1-0

[Event "Titled Tuesday intern op 14th Dec"]
[Site "Chess.com INT"]
[Date "2021.12.14"]
[Round "9"]
[White "Hirneise, Jens"]
[Black "Benaddi, Mouhcine"]
[Result "1-0"]
[WhiteElo "2327"]
[BlackElo "2111"]
[PlyCount "51"]
[EventDate "2021.12.14"]
[EventType "swiss (blitz)"]
[EventRounds "11"]
[EventCountry "USA"]
[SourceTitle "EXT 2023"]
[Source "ChessBase"]
[SourceDate "2022.10.05"]
[SourceVersion "1"]
[SourceVersionDate "2022.10.05"]
[SourceQuality "1"]

1. d4 Nf6 2. c4 c5 3. d5 g6 4. Nc3 Qa5 5. f3 b5 6. cxb5 a6 7. b6 Bg7 8. e4 d6 9. Qa4+ Qxa4 10. Nxa4 Nbd7 11. Bd2 0-0 12. Ba5 e6 13. 0-0-0 exd5 14. exd5 Ne5 15. h3 Nh5 16. Ne2 Bf5 17. g4 Bh6+ 18. f4 Nxf4 19. Nxf4 Bxf4+ 20. Bd2 Be4 21. Bxf4 Bxh1 22. Bxe5 dxe5 23. b7 Rab8 24. Nxc5 Rfd8 25. Bc4 Rd6 26. Rxh1 1-0

[Event "Titled Tuesday intern op 19th Oct"]
[Site "Chess.com INT"]
[Date "2021.10.19"]
[Round "2"]
[White "Zhukov, Maksim"]
[Black "Benaddi, Mouhcine"]
[Result "0-1"]
[WhiteElo "1946"]
[BlackElo "2111"]
[PlyCount "108"]
[EventDate "2021.10.19"]
[EventType "swiss (blitz)"]
[EventRounds "11"]
[EventCountry "USA"]
[SourceTitle "CBM 204 Extra"]
[Source "ChessBase"]
[SourceDate "2021.11.30"]
[SourceVersion "1"]
[SourceVersionDate "2021.11.30"]
[SourceQuality "1"]

1. b3 c6 2. Bb2 d5 3. e3 Bf5 4. f4 Nd7 5. Nf3 e6 6. Be2 f6 7. 0-0 Bd6 8. d3 Ne7 9. Nbd2 Qb6 10. Bd4 Bc5 11. Bxc5 Qxc5 12. Nd4 Qb6 13. Kh1 c5 14. Nxf5 Nxf5 15. Rf3 c4 16. dxc4 Nxe3 17. Qc1 Qd4 18. c3 Qb6 19. cxd5 Nxd5 20. c4 Ne7 21. Ne4 Nc5 22. Nxc5 Qxc5 23. Qe3 Qxe3 24. Rxe3 Kf7 25. Bf3 Rab8 26. Rae1 Nf5 27. Rxe6 b6 28. Bd5 Kg6 29. Be4 h5 30. Rd6 Rhd8 31. Red1 Rxd6 32. Rxd6 Re8 33. Bxf5+ Kxf5 34. h3 Re1+ 35. Kh2 Kxf4 36. Rd7 g5 37. Rxa7 h4 38. Rb7 Re6 39. a4 f5 40. Rf7 Re3 41. b4 Rb3 42. c5 Rxb4 43. c6 Rc4 44. c7 Rc2 45. Rg7 g4 46. hxg4 fxg4 47. Rf7+ Ke5 48. Rg7 Kf5 49. Rf7+ Kg6 50. Rd7 h3 51. Rd6+ Kg5 52. Rxb6 Rxg2+ 53. Kh1 Rc2 54. Rb7 g3 0-1

[Event "Titled Tuesday intern op 15st Dec"]
[Site "Chess.com INT"]
[Date "2020.12.15"]
[Round "3"]
[White "Benaddi, Mouhcine"]
[Black "Tharushi, THD Niklesha"]
[Result "1-0"]
[WhiteElo "2111"]
[BlackElo "1712"]
[PlyCount "47"]
[EventDate "2020.12.15"]
[EventType "swiss (blitz)"]
[EventRounds "11"]
[EventCountry "USA"]
[SourceTitle "CBM 199 Extra"]
[Source "ChessBase"]
[SourceDate "2021.01.31"]
[SourceVersion "1"]
[SourceVersionDate "2021.01.31"]
[SourceQuality "1"]

1. Nf3 d5 2. g3 c5 3. c4 d4 4. e3 Nc6 5. exd4 cxd4 6. Bg2 g6 7. 0-0 Bg7 8. Re1 e6 9. b3 d3 10. Nc3 Nb4 11. Rb1 Nc2 12. Rf1 Ne7 13. Ne1 Nd4 14. Nxd3 Nxb3 15. Rxb3 Qxd3 16. Bxb7 Bxb7 17. Rxb7 Qxc4 18. Ba3 Nd5 19. Nxd5 Qxd5 20. Qa4+ Kd8 21. Be7+ Kc8 22. Rb5 Qd4 23. Rb4 Qd7 24. Rc1+ 1-0

[Event "Titled Tuesday intern op 11th Aug"]
[Site "Chess.com INT"]
[Date "2020.08.11"]
[Round "3"]
[White "Benaddi, Mouhcine"]
[Black "Veiga, Emerson de Sousa"]
[Result "0-1"]
[WhiteElo "2111"]
[BlackElo "2106"]
[PlyCount "124"]
[EventDate "2020.08.11"]
[EventType "swiss (blitz)"]
[EventRounds "10"]
[EventCountry "USA"]
[SourceTitle "CBM 197 Extra"]
[Source "ChessBase"]
[SourceDate "2020.09.30"]
[SourceVersion "1"]
[SourceVersionDate "2020.09.30"]
[SourceQuality "1"]

1. Nf3 d5 2. g3 Nf6 3. d4 c5 4. c4 dxc4 5. Qa4+ Nc6 6. dxc5 Qa5+ 7. Nc3 Qxa4 8. Nxa4 e5 9. Be3 Bd7 10. 0-0-0 Ng4 11. Bh3 h5 12. Ng5 Bf5 13. Bxg4 hxg4 14. f3 f6 15. Ne4 Bxe4 16. fxe4 Rd8 17. Rxd8+ Kxd8 18. Rd1+ Kc7 19. Bg1 Be7 20. Nc3 Kc8 21. Nd5 Bd8 22. Ne3 Nd4 23. Rd2 Ba5 24. Nxc4 Bxd2+ 25. Kxd2 Kc7 26. b4 Kc6 27. a4 b6 28. cxb6 axb6 29. b5+ Kb7 30. Kd3 Rd8 31. Bxd4 Rxd4+ 32. Kc3 Kc7 33. a5 bxa5 34. b6+ Kc6 35. e3 Rxe4 36. b7 Rxc4+ 37. Kxc4 Kxb7 38. Kb5 Kc7 39. Kxa5 Kc6 40. Kb4 Kd5 41. Kc3 Ke4 42. Kd2 Kf3 43. Kd3 f5 44. e4 fxe4+ 45. Kd2 Kf2 46. h4 gxh3 47. g4 h2 48. g5 e3+ 49. Kc3 e2 50. Kc4 e1Q 51. Kd5 h1Q+ 52. Ke6 Qc6+ 53. Kf7 Qd7+ 54. Kg6 Qb4 55. Kh7 Qbb7 56. g6 Qh3+ 57. Kg8 Qbc8+ 58. Kxg7 Qhd7+ 59. Kh6 Qcc6 60. Kh5 Qh3+ 61. Kg5 Qg3+ 62. Kh6 Qcxg6# 0-1

[Event "Titled Tuesday intern op 14th July"]
[Site "Chess.com INT"]
[Date "2020.07.14"]
[Round "2"]
[White "Benaddi, Mouhcine"]
[Black "Rolfe, Warrick"]
[Result "0-1"]
[WhiteElo "2111"]
[BlackElo "2087"]
[PlyCount "68"]
[EventDate "2020.07.14"]
[EventType "swiss (blitz)"]
[EventRounds "10"]
[EventCountry "USA"]
[SourceTitle "CBM 197 Extra"]
[Source "ChessBase"]
[SourceDate "2020.09.30"]
[SourceVersion "1"]
[SourceVersionDate "2020.09.30"]
[SourceQuality "1"]

1. Nf3 c5 2. g3 Nc6 3. Bg2 g6 4. h4 h5 5. d4 cxd4 6. Nxd4 Bg7 7. Nxc6 bxc6 8. 0-0 Nf6 9. c4 0-0 10. Nc3 Bb7 11. Bf4 d6 12. Qd2 e5 13. Bg5 Qc7 14. Rfd1 Rad8 15. Qc2 Qb6 16. e3 Bc8 17. Qa4 Bg4 18. Rd2 Rd7 19. Qxc6 Qb8 20. Bxf6 Rc8 21. Bxg7 Rxc6 22. Bxc6 Rc7 23. Nd5 Rxc6 24. Ne7+ Kxg7 25. Nxc6 Qc7 26. Nb4 Qxc4 27. a3 Bf3 28. Rxd6 Qg4 29. Kh2 g5 30. hxg5 Qxg5 31. Rg1 a5 32. Nd3 Qe7 33. Rb6 Qc7 34. Rb3 Kf6 0-1

[Event "Titled Tuesday intern op 14th July"]
[Site "Chess.com INT"]
[Date "2020.07.14"]
[Round "4"]
[White "Benaddi, Mouhcine"]
[Black "Vidovic, Sasa"]
[Result "0-1"]
[WhiteElo "2111"]
[BlackElo "2209"]
[PlyCount "78"]
[EventDate "2020.07.14"]
[EventType "swiss (blitz)"]
[EventRounds "10"]
[EventCountry "USA"]
[SourceTitle "CBM 197 Extra"]
[Source "ChessBase"]
[SourceDate "2020.09.30"]
[SourceVersion "1"]
[SourceVersionDate "2020.09.30"]
[SourceQuality "1"]

1. Nf3 Nf6 2. g3 d6 3. Bg2 c6 4. 0-0 Bg4 5. c4 Nbd7 6. h3 Bh5 7. Nc3 e5 8. d4 Be7 9. g4 Bg6 10. Nh4 0-0 11. Nxg6 hxg6 12. b3 Re8 13. Bb2 Qc7 14. e3 Bf8 15. Rc1 a5 16. g5 Nh7 17. h4 Be7 18. Ne4 f5 19. Ng3 Nhf8 20. Qd2 Ne6 21. Ne2 Bf8 22. Rfd1 e4 23. d5 Nec5 24. Nf4 Kh7 25. Qe2 Nd3 26. h5 Nxf4 27. exf4 Nc5 28. hxg6+ Kxg6 29. Bh3 Qf7 30. Qe3 Nd3 31. Rc2 Kh7 32. Qg3 Qg6 33. Bf1 Kg8 34. Bxd3 exd3 35. Rxd3 Re1+ 36. Kg2 Rae8 37. Re3 R8xe3 38. fxe3 Qh5 39. Qh3 Rg1+ 0-1

[Event "Titled Tuesday intern op 14th July"]
[Site "Chess.com INT"]
[Date "2020.07.14"]
[Round "3"]
[White "Juarez Flores, Carlos Armando"]
[Black "Benaddi, Mouhcine"]
[Result "0-1"]
[WhiteElo "2374"]
[BlackElo "2111"]
[PlyCount "40"]
[EventDate "2020.07.14"]
[EventType "swiss (blitz)"]
[EventRounds "10"]
[EventCountry "USA"]
[SourceTitle "CBM 197 Extra"]
[Source "ChessBase"]
[SourceDate "2020.09.30"]
[SourceVersion "1"]
[SourceVersionDate "2020.09.30"]
[SourceQuality "1"]

1. e4 c6 2. Nc3 d5 3. Nf3 dxe4 4. Nxe4 Bg4 5. h3 Bxf3 6. Qxf3 Nd7 7. d4 Ndf6 8. Be3 Nxe4 9. Qxe4 Qa5+ 10. Bd2 Qa4 11. a3 Nf6 12. Qf3 Qxd4 13. 0-0-0 Qd5 14. Qg3 Qa2 15. Bc3 Nd5 16. Bd4 0-0-0 17. c4 Nb6 18. Be2 e6 19. Kc2 Nxc4 20. Bxa7 Qxb2# 0-1

[Event "Titled Tuesday intern op 14th July"]
[Site "Chess.com INT"]
[Date "2020.07.14"]
[Round "5"]
[White "Nemtzev, Igor"]
[Black "Benaddi, Mouhcine"]
[Result "1-0"]
[WhiteElo "2137"]
[BlackElo "2111"]
[PlyCount "57"]
[EventDate "2020.07.14"]
[EventType "swiss (blitz)"]
[EventRounds "10"]
[EventCountry "USA"]
[SourceTitle "CBM 197 Extra"]
[Source "ChessBase"]
[SourceDate "2020.09.30"]
[SourceVersion "1"]
[SourceVersionDate "2020.09.30"]
[SourceQuality "1"]

1. d3 c6 2. g3 d5 3. Nf3 Bg4 4. Bg2 Nd7 5. 0-0 e6 6. Nc3 Ngf6 7. e4 Ne5 8. Bf4 Ng6 9. Bg5 h6 10. Bd2 Ne5 11. d4 Nc4 12. e5 Ne4 13. Bc1 Nxc3 14. bxc3 Be7 15. h3 Bh5 16. g4 Bg6 17. Nd2 b5 18. Nxc4 bxc4 19. f4 Qa5 20. f5 Bh7 21. Bd2 Bg5 22. Rb1 0-0 23. Bxg5 hxg5 24. Qd2 exf5 25. gxf5 f6 26. Rb7 Rab8 27. Rxb8 Rxb8 28. Qe3 Qxa2 29. exf6 1-0

[Event "Titled Tuesday intern op 14th July"]
[Site "Chess.com INT"]
[Date "2020.07.14"]
[Round "1"]
[White "Novik, Maxim"]
[Black "Benaddi, Mouhcine"]
[Result "1-0"]
[WhiteElo "2434"]
[BlackElo "2111"]
[PlyCount "43"]
[EventDate "2020.07.14"]
[EventType "swiss (blitz)"]
[EventRounds "10"]
[EventCountry "USA"]
[SourceTitle "CBM 197 Extra"]
[Source "ChessBase"]
[SourceDate "2020.09.30"]
[SourceVersion "1"]
[SourceVersionDate "2020.09.30"]
[SourceQuality "1"]

1. c4 c6 2. e4 d5 3. exd5 cxd5 4. d4 Nf6 5. Nc3 e6 6. Nf3 Bb4 7. cxd5 Nxd5 8. Bd2 Nc6 9. Bd3 Be7 10. 0-0 0-0 11. a3 b6 12. Nxd5 Qxd5 13. Qc2 Nxd4 14. Nxd4 Qxd4 15. Bxh7+ Kh8 16. Be4 Rb8 17. Bc3 Qc5 18. Qe2 Qg5 19. f4 Qh6 20. Rf3 Kg8 21. Rh3 Qxf4 22. Rh8+ 1-0

[Event "Titled Tuesday intern op 23rd June"]
[Site "Chess.com INT"]
[Date "2020.06.23"]
[Round "1"]
[White "Benaddi, Mouhcine"]
[Black "Ozdemir, Serhan Berat"]
[Result "0-1"]
[WhiteElo "2111"]
[BlackElo "2191"]
[PlyCount "26"]
[EventDate "2020.06.23"]
[EventType "swiss (blitz)"]
[EventRounds "10"]
[EventCountry "USA"]
[SourceTitle "CBM 197 Extra"]
[Source "ChessBase"]
[SourceDate "2020.09.30"]
[SourceVersion "1"]
[SourceVersionDate "2020.09.30"]
[SourceQuality "1"]

1. Nf3 Nf6 2. g3 g6 3. Bg2 Bg7 4. d4 0-0 5. 0-0 d6 6. c4 c6 7. Nc3 Qa5 8. e4 e5 9. c5 exd4 10. Nxd4 dxc5 11. Nb3 Qb4 12. a3 Qc4 13. Be3 b6 0-1

[Event "Titled Tuesday intern op 26th May"]
[Site "Chess.com INT"]
[Date "2020.05.26"]
[Round "4"]
[White "Da Paz, Leonardo Gadelha"]
[Black "Benaddi, Mouhcine"]
[Result "0-1"]
[WhiteElo "2033"]
[BlackElo "2111"]
[PlyCount "60"]
[EventDate "2020.05.26"]
[EventType "swiss (blitz)"]
[EventRounds "10"]
[EventCountry "USA"]
[SourceTitle "CBM 196 Extra"]
[Source "ChessBase"]
[SourceDate "2020.07.31"]
[SourceVersion "1"]
[SourceVersionDate "2020.07.31"]
[SourceQuality "1"]

1. e4 c6 2. Nc3 d5 3. d4 dxe4 4. Nxe4 Bf5 5. Ng3 Bg6 6. h4 h6 7. Nf3 Nd7 8. h5 Bh7 9. Bd3 Bxd3 10. Qxd3 e6 11. Bd2 Qc7 12. 0-0-0 0-0-0 13. Ne4 Ngf6 14. g3 Nxe4 15. Qxe4 Nf6 16. Qe2 Bd6 17. Kb1 c5 18. c4 cxd4 19. Nxd4 a6 20. Bc3 Rd7 21. f4 Rhd8 22. Nf3 Qc6 23. Ne5 Bxe5 24. Bxe5 Ne4 25. Rhe1 Rxd1+ 26. Rxd1 Rxd1+ 27. Qxd1 f6 28. Bd4 Nxg3 29. b3 Qe4+ 30. Kb2 Qe2+ 0-1

[Event "Titled Tuesday intern op 26th May"]
[Site "Chess.com INT"]
[Date "2020.05.26"]
[Round "1"]
[White "Viani, Antonio Dcunha"]
[Black "Benaddi, Mouhcine"]
[Result "1-0"]
[WhiteElo "2397"]
[BlackElo "2111"]
[PlyCount "123"]
[EventDate "2020.05.26"]
[EventType "swiss (blitz)"]
[EventRounds "10"]
[EventCountry "USA"]
[SourceTitle "CBM 196 Extra"]
[Source "ChessBase"]
[SourceDate "2020.07.31"]
[SourceVersion "1"]
[SourceVersionDate "2020.07.31"]
[SourceQuality "1"]

1. e4 c6 2. d4 d5 3. Nc3 dxe4 4. Nxe4 Bf5 5. Ng3 Bg6 6. h4 h6 7. Nf3 Nd7 8. h5 Bh7 9. Bd3 Bxd3 10. Qxd3 e6 11. Bd2 Qc7 12. 0-0-0 0-0-0 13. Kb1 Ngf6 14. c4 Bd6 15. Ne4 Nxe4 16. Qxe4 Nf6 17. Qe2 c5 18. Bc3 cxd4 19. Nxd4 a6 20. Rc1 Bf4 21. Rc2 Qe5 22. Qxe5 Bxe5 23. Nxe6 fxe6 24. Bxe5 Rd7 25. c5 Rd5 26. f4 Rhd8 27. c6 b5 28. c7 R8d7 29. Rc6 Ng4 30. Rxe6 Nxe5 31. Rxe5 Rxe5 32. fxe5 Kxc7 33. Kc2 Rd5 34. Re1 Kd7 35. Kc3 a5 36. Re4 Ke6 37. a4 Rc5+ 38. Kb3 b4 39. g4 Rxe5 40. Rxe5+ Kxe5 41. Kc4 Kf4 42. Kb5 Kxg4 43. Kxa5 Kxh5 44. Kxb4 g5 45. Kc3 g4 46. Kd2 Kh4 47. Ke2 Kh3 48. a5 g3 49. a6 g2 50. a7 g1Q 51. a8Q Qg2+ 52. Qxg2+ Kxg2 53. b4 h5 54. b5 h4 55. b6 h3 56. b7 h2 57. b8Q h1Q 58. Qg8+ Kh2 59. Qh8+ Kg1 60. Qd4+ Kh2 61. Qh4+ Kg1 62. Qf2# 1-0

[Event "Titled Tuesday intern op 28th Apr"]
[Site "Chess.com INT"]
[Date "2020.04.28"]
[Round "4"]
[White "Escobar Forero, Alder"]
[Black "Benaddi, Mouhcine"]
[Result "1-0"]
[WhiteElo "2510"]
[BlackElo "2111"]
[PlyCount "53"]
[EventDate "2020.04.28"]
[EventType "swiss (blitz)"]
[EventRounds "10"]
[EventCountry "USA"]
[SourceTitle "EXT 2021"]
[Source "ChessBase"]
[SourceDate "2020.10.23"]
[SourceVersion "1"]
[SourceVersionDate "2020.10.23"]
[SourceQuality "1"]

1. e4 c6 2. d4 d5 3. Nc3 dxe4 4. Nxe4 Bf5 5. Ng3 Bg6 6. h4 h6 7. N1e2 e6 8. Nf4 Bh7 9. Bc4 Nf6 10. Qe2 Nd5 11. c3 Nxf4 12. Bxf4 Bd6 13. Be5 Bxe5 14. Qxe5 0-0 15. Nh5 f6 16. Qxe6+ Kh8 17. 0-0-0 b5 18. Bb3 a5 19. Rhe1 a4 20. Bc2 Bxc2 21. Kxc2 a3 22. Nf4 axb2 23. Ng6+ Kh7 24. Nxf8+ Qxf8 25. Qe4+ Kh8 26. Qe8 Nd7 27. Qxd7 1-0

[Event "Titled Tuesday intern op 7th Januar"]
[Site "Chess.com INT"]
[Date "2020.01.07"]
[Round "8"]
[White "Benaddi, Mouhcine"]
[Black "Bruedigam, Martin"]
[Result "0-1"]
[WhiteElo "2111"]
[BlackElo "2388"]
[PlyCount "88"]
[EventDate "2020.01.07"]
[EventType "swiss (blitz)"]
[EventRounds "10"]
[EventCountry "USA"]
[SourceTitle "EXT 2021"]
[Source "ChessBase"]
[SourceDate "2020.10.23"]
[SourceVersion "1"]
[SourceVersionDate "2020.10.23"]
[SourceQuality "1"]

1. Nf3 d5 2. d4 a6 3. Bf4 c5 4. e3 cxd4 5. exd4 Bf5 6. c4 Nf6 7. Nc3 e6 8. Qb3 Ra7 9. cxd5 exd5 10. Bxb8 Qxb8 11. Nxd5 Nxd5 12. Qxd5 Bb4+ 13. Nd2 Bxd2+ 14. Kxd2 Qf4+ 15. Kc3 0-0 16. Qf3 Rc8+ 17. Kb3 Be6+ 18. d5 Qxf3+ 19. gxf3 Bxd5+ 20. Ka3 Bxf3 21. Rg1 b5 22. Rg3 Bd5 23. Rd1 Be6 24. Rgd3 g5 25. Rd8+ Rxd8 26. Rxd8+ Kg7 27. b3 Rc7 28. Ra8 Rc1 29. Bd3 Bc8 30. f3 h5 31. Be4 f5 32. Bd5 Kf6 33. Kb2 Rc7 34. b4 Ke5 35. Bf7 h4 36. Bb3 Kd6 37. Bc2 Ke5 38. a4 bxa4 39. Bxa4 g4 40. fxg4 fxg4 41. Bd1 Kf4 42. Be2 g3 43. hxg3+ hxg3 44. Bxa6 g2 0-1

[Event "Titled Tuesday intern op 7th Januar"]
[Site "Chess.com INT"]
[Date "2020.01.07"]
[Round "1"]
[White "Benaddi, Mouhcine"]
[Black "Leiva Rodriguez, Jeammarco Giuseppe"]
[Result "0-1"]
[WhiteElo "2111"]
[BlackElo "2391"]
[PlyCount "52"]
[EventDate "2020.01.07"]
[EventType "swiss (blitz)"]
[EventRounds "10"]
[EventCountry "USA"]
[SourceTitle "EXT 2021"]
[Source "ChessBase"]
[SourceDate "2020.10.23"]
[SourceVersion "1"]
[SourceVersionDate "2020.10.23"]
[SourceQuality "1"]

1. Nf3 Nf6 2. b3 d6 3. Bb2 e5 4. c4 g6 5. d4 Bg7 6. dxe5 Nfd7 7. Nbd2 0-0 8. Ne4 dxe5 9. e3 h6 10. Qd5 Qe7 11. 0-0-0 Nc6 12. a3 Rd8 13. Be2 Nf6 14. Nxf6+ Bxf6 15. Qb5 Rxd1+ 16. Rxd1 a6 17. Qa4 Bd7 18. b4 Nd4 19. Qxd7 Qxd7 20. exd4 exd4 21. Nxd4 c5 22. bxc5 Qc7 23. c6 bxc6 24. Bf3 Rd8 25. Bc3 Qf4+ 26. Kc2 Bxd4 0-1